000 01563cai a2200409 a 4500
001 16690352
003 OSt
005 20110720144938.0
008 950308c19949999ne uu l 0 2eng c
010 _a 2011217936
020 _a9065449361 (looseleaf : acidfree paper)
020 _a9789065449368 (looseleaf : acidfree paper)
020 _z9013382008
035 _a(OCoLC)ocm32109719
040 _aCSdU-L
_beng
_cCSdU-L
_dOCoLC
_dYDXCP
_dOCoLC
_dIaU-L
_dDLC
042 _apcc
050 0 0 _aK2205
_b.I545
082 _a345.6761 NSE
100 _aNsereko, D.D.N.
_9989
245 0 0 _aInternational encyclopaedia of laws.
246 3 0 _aCivil procedure
260 _aLondon :
_bKluwer Law International ;
_aFrederick, MD :
_bSold and distributed in North, Central, and South America by Aspen Publishers,
_c1995-
300 _a329p.;
_bill. ;
_c25 cm.
500 _aEditor, 1994- : Paul Lemmens.
500 _a"General editor, Prof. Dr. R. Blanpain."--Front matter-3.
500 _aImprint varies.
500 _aDescription based on: Suppl. 57, Nov. 2010.
504 _aIncludes bibliographical references and indexes.
650 0 _aCivil procedure.
_9990
700 1 _aTaelman, Piet.
_9991
700 1 _aLemmens, P.
_9992
700 1 _aBlanpain, R.
_q(Roger),
_d1932-
_9993
906 _a7
_bcbc
_cserasst
_d2
_encip
_f20
_gn-oclcserc
942 _2ddc
_cBK
999 _c330
_d330